|
|
|
|
| LEADER |
00000nas a22000001a 4500 |
| 001 |
vtls010301876 |
| 003 |
SK-MaSNL |
| 005 |
20260228162546.0 |
| 008 |
110810d19531953xo er p r 0 b0slo |
| 015 |
|
|
|a SNBDS17XX9999
|
| 015 |
|
|
|a 1048
|2 Balúnová 1945-60
|
| 038 |
|
|
|a SNKBUDS
|
| 040 |
|
|
|a SNK
|b slo
|c SNK
|e AACR2
|
| 041 |
0 |
|
|a slo
|
| 044 |
|
|
|a xo
|c SK
|
| 080 |
|
|
|a 336.72
|2 2001
|
| 080 |
|
|
|a 070.489
|2 2001
|
| 245 |
0 |
0 |
|a Ozvena sporivosti
|b závodný časopis zamestnancov ŠTSP Košického kraja
|
| 260 |
|
|
|a Košice
|b Povereníctvo financií
|b Krajská správa Štátnej sporiteľne v Košiciach
|c 1953
|
| 300 |
|
|
|a 1 roč.
|c 30 x 21 cm
|
| 310 |
|
|
|a 1x za dva týždne
|
| 362 |
0 |
|
|a Roč. I, č. 1 (1.5.1953)-č. 5-6 (15.6.1953)
|
| 500 |
|
|
|a V tiráži: Dvojtýždenník zamestnancov ŠTSP Košického kraja
|
| 500 |
|
|
|a Vych. v Košiciach dvojtýždenne
|
| 500 |
|
|
|a Šéfred. František Szepesi
|
| 500 |
|
|
|a Vyd. Povereníctvo financií - Krajská správa Štátnej sporiteľne v Košiciach
|
| 500 |
|
|
|a Tlač. rozmnož. cyklostylom
|
| 500 |
|
|
|a Vych. od 1. mája 1953. Posl. známe dvojč. 5-6 z 15. júna 1953. Pov. HS polygraf. priem. č. 478/1953
|
| 505 |
8 |
0 |
|g Roč. I. 1953 6 č. po 4 s.
|
| 610 |
2 |
7 |
|a Štátna sporiteľňa
|b Krajská správa Košice
|x časopisy
|2 SNKBUDS
|9 271416
|
| 650 |
0 |
7 |
|a sporiteľne
|2 SNKPH
|9 2271
|
| 655 |
|
7 |
|a podnikové časopisy
|2 SNKBUDS
|9 265225
|
| 700 |
1 |
|
|a Szepesi, František
|4 pbd
|9 271417
|
| 710 |
2 |
|
|a Štátna sporiteľňa
|b Krajská správa Košice
|e vydav.
|9 271418
|
| 852 |
|
|
|a SNK
|b 10000
|h ČSB 1203
|
| 999 |
|
|
|c 8050
|d 9980
|